000
00272nam a2200121Ia 4500
008
190216s9999||||xx |||||||||||||| ||und||
100
_a
Rajendra Manav
245
0
_a
Hindi-Yayavar Tagre Hai
260
_b
Umesh Pub
_c
2006
300
_a
135
650
_a
Hindi
942
_c
BK
999
_c
16496
_d
16496